Political conditions attached to development aid for Africa.

Skúma sa odôvodnenosť ukladania zvýšených politických podmienok Západu pre poskytnutie pomoci africkým krajinám na rozvoj. Ide o novú formu intervencie alebo oprávnený krok na podporu rodiacich sa demokracií?

Enregistré dans:
Détails bibliographiques
Auteur principal: Hofmeier, R.
Format: Chapitre de livre
Langue:anglais
Sujets:
Tags: Ajouter un tag
Pas de tags, Soyez le premier à ajouter un tag!

MARC

LEADER 00000naa a2200000 4500
001 r004707
005 20221130103341.8
041 0 |a eng 
044 |a DE 
245 1 0 |a Political conditions attached to development aid for Africa.  |c R. Hofmeier 
520 |a Skúma sa odôvodnenosť ukladania zvýšených politických podmienok Západu pre poskytnutie pomoci africkým krajinám na rozvoj. Ide o novú formu intervencie alebo oprávnený krok na podporu rodiacich sa demokracií? 
610 2 0 |a pomoc hospodárska 
610 2 0 |a Afrika 
610 2 0 |a krajiny rozvojové 
100 1 |a Hofmeier, R.